Valtiot, joilla on sama nimi suomeksi ja ruotsiksi - Statistics

Yleistilastot
  • Tätä visaa on pelattu 51 kertaa
  • Keskiarvotulos 50 / 90
Vastaustilastot
Maanosa Valtio % Oikein
Eurooppa San Marino
84%
Eurooppa Andorra
81%
Etelä-Amerikka Chile
78%
Eurooppa Monaco
78%
Eurooppa Liechtenstein
73%
Etelä-Amerikka Ecuador
70%
Pohjois-Amerikka Haiti
70%
Etelä-Amerikka Paraguay
70%
Etelä-Amerikka Peru
70%
Oseania Vanuatu
70%
Afrikka Benin
68%
Etelä-Amerikka Bolivia
68%
Pohjois-Amerikka Costa Rica
68%
Etelä-Amerikka Guyana
68%
Aasia Iran
68%
Eurooppa Luxemburg
68%
Oseania Nauru
68%
Etelä-Amerikka Uruguay
68%
Etelä-Amerikka Venezuela
68%
Afrikka Angola
65%
Pohjois-Amerikka Honduras
65%
Aasia Irak
65%
Pohjois-Amerikka Panama
65%
Afrikka Eritrea
62%
Oseania Palau
62%
Aasia Turkmenistan
62%
Aasia Uzbekistan
62%
Pohjois-Amerikka Belize
59%
Afrikka Djibouti
59%
Afrikka Guinea
59%
Aasia Israel
59%
Aasia Kazakstan
59%
Aasia Laos
59%
Pohjois-Amerikka Nicaragua
59%
Oseania Tuvalu
59%
Pohjois-Amerikka Barbados
57%
Pohjois-Amerikka Dominica
57%
Pohjois-Amerikka Kanada
57%
Eurooppa Kosovo
57%
Afrikka Mali
57%
Eurooppa Montenegro
57%
Aasia Pakistan
57%
Oseania Tonga
57%
Aasia Vietnam
57%
Aasia Bahrain
54%
Afrikka Botswana
54%
Afrikka Burkina Faso
54%
Pohjois-Amerikka El Salvador
54%
Afrikka Gambia
54%
Pohjois-Amerikka Grenada
54%
Pohjois-Amerikka Guatemala
54%
Afrikka Guinea-Bissau
54%
Afrikka Malawi
54%
Eurooppa Malta
54%
Oseania Samoa
54%
Afrikka Zimbabwe
54%
Aasia Bhutan
51%
Aasia Brunei
51%
Afrikka Ghana
51%
Afrikka Mauritius
51%
Afrikka Niger
51%
Afrikka Nigeria
51%
Afrikka Togo
51%
Afrikka Burundi
49%
Afrikka Gabon
49%
Oseania Kiribati
49%
Afrikka Lesotho
49%
Afrikka Namibia
49%
Aasia Nepal
49%
Afrikka Uganda
49%
Afrikka Liberia
46%
Afrikka Madagaskar
46%
Aasia Oman
46%
Aasia Qatar
46%
Pohjois-Amerikka Saint Lucia
46%
Afrikka Somalia
46%
Aasia Taiwan
46%
Aasia Jemen
43%
Eurooppa Ukraina
43%
Afrikka Senegal
41%
Afrikka Sierra Leone
41%
Aasia Sri Lanka
41%
Afrikka Sudan
41%
Aasia Bangladesh
38%
Afrikka Kamerun
38%
Aasia Kuwait
38%
Aasia Singapore
38%
Afrikka Kap Verde
32%
Aasia Libanon
32%
Afrikka Eswatini
24%
Ehtoja vastaavia visoja ei löytynyt
Tulosjakauma
Jokaisen tuloksen saaneiden osuus
Persentiili vastausten määrän mukaan
Tuloshistoriasi
Et ole pelannut tätä visaa